000 00690nam a22002297a 4500
003 OSt
005 20210426082209.0
008 210215s1966 ||||| |||| 00| 0 eng d
040 _aeng
_beng
_cDLC
041 _aeng
080 _a008
_bF-71
100 _9850
_aFodor, Eugene
_eEditor
245 _aFodor's Guide to India 1966
_b: A Definitive Handbook of the Republic of India
_c/ by: David McKay Company, Inc
260 _aNew York
_bDavid McKay Company, Inc
_c1966
300 _a661 p.
_bill.
365 _b6.95 usd
650 0 _9493
_aCulture
653 _aკულტურა
700 _9851
_aCurtis, William
_eEditor
700 _9852
_aFisher, C. Robert
_eEditor
942 _2udc
_cBK
999 _c1362
_d1362